Statistics for Dog Breed Picture Quiz

Click here to take the quiz!

General Stats

  • This quiz has been taken 114,062 times
    (32,584 since last reset)
  • The average score is 13 of 18

Answer Stats

Answer % Correct
German Shepherd
97%
Dalmatian
95%
Siberian Husky
94%
Poodle
94%
Pug
93%
Bulldog
91%
Dachshund
90%
Beagle
86%
Chihuahua
73%
Bloodhound
67%
Great Dane
64%
{Basset} Hound
61%
Rough Collie
60%
Cocker Spaniel
56%
Chow Chow
53%
Shiba Inu
40%
Bichon Frise
39%
Australian Cattle Dog
27%

Score Distribution

Percentile by Number Answered

Percent of People with Each Score

Your Score History

You have not taken this quiz since the last reset